000 03867cam a22005057i 4500
999 _c129695
_d129695
001 19166898
003 ARRUPE
005 20190814114212.0
008 160707t20152015enka b 001 0 eng d
010 _a 2016417570
020 _a9780718894115
020 _a0718894111
035 _a(OCoLC)ocn939946650
040 _aJBT
_beng
_cJBT
_erda
_dBTCTA
_dSTF
_dOCLCF
_dYDXCP
_dDLC
042 _alccopycat
043 _af-mw---
_af-rh---
_af-za---
050 0 0 _aBX9715.
_bM87 2015
100 1 _aMurdoch, Norman H.,
_eauthor.
_947792
245 1 0 _aChristian warfare in Rhodesia-Zimbabwe :
_bthe Salvation Army and African Liberation, 1891-1991 /
_cNorman H. Murdoch ; foreword by N.M. Bhebe.
260 _aEugene, Oregon
_bPickwick Publications
_c2015
300 _axxxi, 215 p. :
_billustrations ;
_c23 cm.
500 _aEdited by Harold Hill.
504 _aIncludes bibliographical references (pages 203-208) and index.
505 0 0 _tChristian and cultural warfare in Rhodesia/Zimbabwe, 1890-1990 --
_tThe Salvation Army invades Mashonaland, 1891-95 --
_tThe first Chimurenga (1896-97) and the death of Captain Cass --
_tRhodes and Booth : "wholesale salvation," 1901-8 --
_tFather and son in 1908: "My dear general" - "My dear Chief" --
_tThe Salvation Army and the Rhodesian State, 1908-65 --
_tColonial, conciliar, and communist forces collide, 1950s and1960s --
_tPaying the piper, calling the tune : a Salvation Army power shift, 1970-78 --
_tConciliar movement and the Salvation Army, 1970-78 --
_tThe program to combat racism and the Salvation Army reaction, 1969-78 --
_tThe 1978 deaths at Usher Institute --
_tSalvation Army reaction to the Usher Killings, 1978-83 --
_tAfrican Salvationists react to the Salvation Army's withdrawal from the World Council of Churches, 1981 --
_tConclusions.
520 _aChristian Warfare in Rhodesia-Zimbabwe takes a hard look at the history of the Salvation Army in Rhodesia-Zimbabwe and its evolving relationship with both the government and the rest of the church. Norman H. Murdoch examines in-depth the parallels between the events of the First Chimurenga, an uprising against European occupation in 1896-97, and the Second Chimurenga in the 1970s, the civil war that led to majority rule. At the time of the first, the Salvation Army was barely established in the country; by the second, it was fully entrenched in the ruling class. Murdoch explores the collaboration of this Christian mission with the institutions of white rule and the painful process of disentanglement necessary by the late twentieth century. Stories of martyrdom and colonial mythology are set in the carefully researched context of ecumenical relations and the Salvation Army's largely unknown and seldom accessible internal politics.--Page 4 of cover.
610 2 0 _aSalvation Army
_zRhodesia and Nyasaland
_xHistory.
_947793
610 2 0 _aSalvation Army
_zZimbabwe
_xHistory.
_947794
610 2 7 _aSalvation Army.
_2fast
_947795
650 0 _aChristianity and politics
_zRhodesia and Nyasaland.
_947796
650 0 _aChristianity and politics
_zZimbabwe.
_947797
650 7 _aChristianity and politics.
_2fast
_947798
651 0 _aRhodesia and Nyasaland
_xHistory.
_947799
651 0 _aZimbabwe
_xHistory.
_99704
651 7 _aAfrica
_zRhodesia and Nyasaland.
_2fast
_947800
651 7 _aZimbabwe.
_2fast
_99210
655 7 _aHistory.
_2fast
_912337
700 1 _aHill, Harold
_q(Harold Ivor Winston),
_eeditor.
_947801
700 1 _aBhebe, Ngwabi Mulunge,
_ewriter of foreword.
_947802
906 _a7
_bcbc
_ccopycat
_d3
_encip
_f20
_gy-gencatlg
942 _2lcc
_cMONOGRAPH